Ohio County Seats - Statistics

General Stats
  • This quiz has been taken 179 times
  • The average score is 49 of 88
Answer Stats
County
County Seat % Correct
Cuyahoga Cleveland
97%
Hamilton Cincinnati
93%
Franklin Columbus
93%
Athens Athens
92%
Lucas Toledo
92%
Summit Akron
88%
Montgomery Dayton
88%
Mahoning Youngstown
88%
Erie Sandusky
83%
Stark Canton
82%
Delaware Delaware
82%
Defiance Defiance
80%
Medina Medina
78%
Allen Lima
77%
Clark Springfield
77%
Richland Mansfield
73%
Marion Marion
73%
Van Wert Van Wert
73%
Butler Hamilton
72%
Ashland Ashland
70%
Muskingum Zanesville
70%
Ross Chillicothe
68%
Wood Bowling Green
67%
Coshocton Coshocton
67%
Licking Newark
67%
Jackson Jackson
63%
Scioto Portsmouth
63%
Lorain Elyria
62%
Wyandot Upper Sandusky
62%
Trumbull Warren
62%
Fayette Washington Court House
62%
Pickaway Circleville
60%
Hancock Findlay
60%
Lawrence Ironton
60%
Fairfield Lancaster
58%
Hocking Logan
58%
Madison London
57%
Knox Mount Vernon
57%
Jefferson Steubenville
57%
Miami Troy
57%
Greene Xenia
57%
Gallia Gallipolis
55%
Ashtabula Jefferson
55%
Ottawa Port Clinton
55%
Auglaize Wapakoneta
55%
Paulding Paulding
53%
Washington Marietta
52%
Guernsey Cambridge
50%
Tuscarawas New Philadelphia
50%
Seneca Tiffin
50%
Wayne Wooster
50%
Crawford Bucyrus
48%
Darke Greenville
48%
Carroll Carrollton
47%
Union Marysville
47%
Henry Napoleon
47%
Shelby Sidney
45%
Clinton Wilmington
45%
Logan Bellefontaine
43%
Preble Eaton
43%
Sandusky Fremont
42%
Highland Hillsboro
42%
Warren Lebanon
42%
Putnam Ottawa
42%
Champaign Urbana
42%
Clermont Batavia
40%
Harrison Cadiz
40%
Holmes Millersburg
40%
Meigs Pomeroy
40%
Fulton Wauseon
40%
Williams Bryan
38%
Geauga Chardon
38%
Vinton McArthur
38%
Portage Ravenna
38%
Mercer Celina
37%
Morrow Mount Gilead
37%
Huron Norwalk
37%
Lake Painesville
37%
Pike Waverly
37%
Brown Georgetown
35%
Adams West Union
33%
Noble Caldwell
30%
Hardin Kenton
30%
Columbiana Lisbon
30%
Perry New Lexington
30%
Monroe Woodsfield
27%
Morgan McConnelsville
25%
Belmont St. Clarisville
8%
No matching quizzes found
Score Distribution
Percent of People with Each Score
Percentile by Number Answered
Your Score History
You have not taken this quiz